00522nam a2200157Ia 450000100060000000800410000602000180004704000130006508200190007810000180009724501590011526000550027430000110032954600070034070000170034723566140410s9999 xx 000 0 und d a0-11-691355-X cPK-LaUMT a 613.85bLAD-S aDeborah Lader aSmoking among secondary school children in 1990:ban enquiry carried out by social survey division of OPCS on behhalf of the.cDeborah Lader<>Jil Matheson aLondon,UK:bHer Majesty's Stationary Office,c1991 a120 p. aEN aJil Matheson